ბათუმის შოთა რუსთაველის სახელმწიფო უნივერსიტეტის ბიბლიოთეკა

Вторичные тексты оценочного характера / (ბიბ.ჩანაწერი № 52180)

000 -LEADER
fixed length control field 01092nam a2200253Ia 4500
001 - CONTROL NUMBER
control field 19188
003 - CONTROL NUMBER IDENTIFIER
control field GE_BSU
005 - DATE AND TIME OF LATEST TRANSACTION
control field 20210329163936.0
008 - FIXED-LENGTH DATA ELEMENTS--GENERAL INFORMATION
fixed length control field 181216s2013||||ge |||||||||||||| ||rus||
040 ## - CATALOGING SOURCE
Transcribing agency GE_BSU
041 ## - LANGUAGE CODE
Language code of text/sound track or separate title rus
080 ## - UNIVERSAL DECIMAL CLASSIFICATION NUMBER
Universal Decimal Classification number 811 Х-52
100 ## - MAIN ENTRY--PERSONAL NAME
Personal name Хитрук, Ольга
9 (RLIN) 10426
245 ## - TITLE STATEMENT
Title Вторичные тексты оценочного характера /
Statement of responsibility, etc. Ольга Хитрук; Научн. руков. М. Арошидзе; Батумский гос. ун-т им. Шота Руставели. Департамент славистики.
264 ## - PRODUCTION, PUBLICATION, DISTRIBUTION, MANUFACTURE, AND COPYRIGHT NOTICE
Place of production, publication, distribution, manufacture Батуми :
Name of producer, publisher, distributor, manufacturer Батумский гос. ун-т им. Ш. Руставели,
Date of production, publication, distribution, manufacture, or copyright notice 2013.
300 ## - PHYSICAL DESCRIPTION
Extent 124 стр. ;
Other physical details 30 см.
653 ## - INDEX TERM--UNCONTROLLED
keyword Вторичные тексты оценочного характера
653 ## - INDEX TERM--UNCONTROLLED
keyword Языкознание
653 ## - INDEX TERM--UNCONTROLLED
keyword დისერტაცია
653 ## - INDEX TERM--UNCONTROLLED
keyword ენათმეცნიერება
653 ## - INDEX TERM--UNCONTROLLED
keyword Диссертация
700 ## - ADDED ENTRY--PERSONAL NAME
Personal name Арошидзе, М.
Relator term Научн. руководитель
9 (RLIN) 10427
942 ## - ADDED ENTRY ELEMENTS (KOHA)
Koha item type წიგნი
Source of classification or shelving scheme
ეგზემპლარები
Withdrawn status Lost status Source of classification or shelving scheme Damaged status Not for loan Permanent Location Current Location Shelving location Date acquired Full call number Barcode Date last seen Copy number Price effective from Koha item type Public note
          ბათუმის შოთა რუსთაველის სახელმწიფო უნივერსიტეტის მთავარი ბიბლიოთეკა ბათუმის შოთა რუსთაველის სახელმწიფო უნივერსიტეტის მთავარი ბიბლიოთეკა წიგნსაცავი 2018-12-17 811 Х-52 189 დისერტ. 2018-12-17 189 2018-12-17 დისერტაცია